Southville International School and Colleges
Your cart is empty.
  • Cart
  • Lists
    Public lists Eva Luna New books Lux_list list_1
    Your lists Log in to create your own lists
  • Log in to your account
  • Your cookies
  • Search history
Southville International School and Colleges
  • Advanced search
  • Recent comments
  • Most popular
  • Libraries

Log in to your account

Log in with GOOGLE


If you do not have an external account, but do have a local account, you can still log in:

  1. Home
  2. MARC view: Frontlines of diplomacy
Normal view MARC view ISBD view

Frontlines of diplomacy (Record no. 17055)

[ view plain ]
MARC details
000 -LEADER
fixed length control field 01165cam a22003255a 4500
001 - CONTROL NUMBER
control field 16964500
003 - CONTROL NUMBER IDENTIFIER
control field OSt
005 - DATE AND TIME OF LATEST TRANSACTION
control field 20140310182858.0
008 - FIXED-LENGTH DATA ELEMENTS--GENERAL INFORMATION
fixed length control field 110916s2011 ph a b 000 0 eng
010 ## - LIBRARY OF CONGRESS CONTROL NUMBER
LC control number 2011308346
020 ## - INTERNATIONAL STANDARD BOOK NUMBER
International Standard Book Number 9789712725586
040 ## - CATALOGING SOURCE
Original cataloging agency DLC
Transcribing agency DLC
Modifying agency DLC
042 ## - AUTHENTICATION CODE
Authentication code lcode
043 ## - GEOGRAPHIC AREA CODE
Geographic area code a-ph---
050 ## - LIBRARY OF CONGRESS CALL NUMBER
Classification number PN 4784
Item number .M239 2011
082 ## - DEWEY DECIMAL CLASSIFICATION NUMBER
-- FIL 327.599
Item number .M239 2011
245 00 - TITLE STATEMENT
Title Frontlines of diplomacy
Remainder of title conversations with Philippine Ambassadors : an oral history project of the Foreign Service Institute
Statement of responsibility, etc Malaya, J. Eduardo
260 ## - PUBLICATION, DISTRIBUTION, ETC. (IMPRINT)
Place of publication, distribution, etc Mandaluyong City, Philippines
Name of publisher, distributor, etc Published and exclusively distributed by Anvil Pub.
Date of publication, distribution, etc c2011
300 ## - PHYSICAL DESCRIPTION
Extent xii, 283 p.
Other physical details ill.
Dimensions 23 cm.
504 ## - BIBLIOGRAPHY, ETC. NOTE
Bibliography, etc Includes bibliographical references.
521 ## - TARGET AUDIENCE NOTE
Target audience note
526 ## - STUDY PROGRAM INFORMATION NOTE
Reading level 1210L to 1700L
541 ## - IMMEDIATE SOURCE OF ACQUISITION NOTE
-- 1
562 ## - COPY AND VERSION IDENTIFICATION NOTE
Number of copies For Circulation. 1 Copy Available in the Collection
700 1# - ADDED ENTRY--PERSONAL NAME
Personal name Malaya, J. Eduardo.
856 41 - ELECTRONIC LOCATION AND ACCESS
Materials specified Table of contents only
Uniform Resource Identifier <a href="http://www.loc.gov/catdir/toc/fy12pdf02/2011308346.html">http://www.loc.gov/catdir/toc/fy12pdf02/2011308346.html</a>
906 ## - LOCAL DATA ELEMENT F, LDF (RLIN)
a 7
b par
c origode
d 3
e ncip
f 20
g y-gencatlg
942 ## - ADDED ENTRY ELEMENTS (KOHA)
Source of classification or shelving scheme Library of Congress Classification
Koha item type Books
Call number prefix Filipininana
Holdings
Withdrawn status Lost status Source of classification or shelving scheme Damaged status Home library Current library Shelving location Date acquired Total Checkouts Full call number Barcode Date last seen Copy number Price effective from Koha item type
    Library of Congress Classification   College Library College Library Filipiniana Section 06/09/2012   PN 4784 .M239 2011 c15839 05/08/2018 1 06/09/2012 Books
    Library of Congress Classification   College Library College Library Filipiniana Section 04/22/2013   PN 4784 .M239 2011 c14639 05/08/2018 2 04/22/2013 Books
    Library of Congress Classification   College Library College Library Filipiniana Section 04/22/2013   PN 4784 .M239 2011 c14296 05/08/2018 3 04/22/2013 Books

Frontlines of diplomacy

APA

Malaya J. E., . (2011). Frontlines of diplomacy. Mandaluyong City, Philippines: Published and exclusively distributed by Anvil Pub.

Chicago

Malaya J Eduardo, . 2011. Frontlines of diplomacy. Mandaluyong City, Philippines: Published and exclusively distributed by Anvil Pub.

Harvard

Malaya J. E., . (2011). Frontlines of diplomacy. Mandaluyong City, Philippines: Published and exclusively distributed by Anvil Pub.

MLA

Malaya J Eduardo, . Frontlines of diplomacy. Mandaluyong City, Philippines: Published and exclusively distributed by Anvil Pub. 2011.

  • Place hold
  • Print
  • Cite
  • Add to your cart (remove)
  • Save record
    BIBTEX Dublin Core MARCXML MARC (non-Unicode/MARC-8) MARC (Unicode/UTF-8) MARC (Unicode/UTF-8, Standard) MODS (XML) RIS
  • More searches
    Search for this title in:
    Other Libraries (WorldCat) Other Databases (Google Scholar) Online Stores (Bookfinder.com) Open Library (openlibrary.org)

Exporting to Dublin Core...

SOUTHVILLE LIBRARY

Southville International School and Colleges Library

1281 Tropical Ave. Cor. Luxembourg St., BF Homes International, Las Pinas City

Tel. No. 8256374 / 252358 Loc. 117/146

Powered by Koha